| 000 | 00000nam 2200000zi 4500 |
| 001 | 9.937202 |
| 003 | CaOODSP |
| 005 | 20240419141855 |
| 006 | m o d f |
| 007 | cr |n||||||||| |
| 008 | 240419t20242024oncd ob f|0| 0 eng d |
| 040 | |aCaOODSP|beng|erda|cCaOODSP |
| 043 | |an-cn--- |
| 086 | 1 |aFB3-5/2024-10E-PDF |
| 100 | 1 |aPoulin-Moore, Antoine, |eauthor. |
| 245 | 10|aForecasting recessions in Canada : |ban autoregressive probit model approach / |cby Antoine Poulin-Moore and Kerem Tuzcuoglu. |
| 264 | 1|a[Ottawa] : |bBank of Canada = Banque du Canada, |c2024. |
| 264 | 4|c©2024 |
| 300 | |a1 online resource (ii, 39 pages) : |bcharts. |
| 336 | |atext|btxt|2rdacontent |
| 337 | |acomputer|bc|2rdamedia |
| 338 | |aonline resource|bcr|2rdacarrier |
| 490 | 1 |aStaff working paper = Document de travail du personnel,|y1701-9397 ; |v2024-10 |
| 500 | |a"Last updated: March 27, 2024." |
| 504 | |aIncludes bibliographical references. |
| 650 | 0|aRecessions|xEconometric models. |
| 650 | 6|aRécessions|xModèles économétriques. |
| 651 | 0|aCanada|xEconomic conditions. |
| 651 | 6|aCanada|xConditions économiques. |
| 710 | 2 |aBank of Canada, |eissuing body. |
| 830 | #0|aStaff working paper (Bank of Canada)|v2024-10.|w(CaOODSP)9.806221 |
| 856 | 40|qPDF|s828 KB|uhttps://publications.gc.ca/collections/collection_2024/banque-bank-canada/FB3-5-2024-10-eng.pdf |